Dead Rails Structures - Statistics

General Stats
  • This quiz has been taken 20 times
  • The average score is 12 of 19
Answer Stats
Type Answer Spawns % Correct
Building Doctor Anywhere except final outpost.
91%
Building Sheriff Anywhere except final outpost.
91%
Building Bank Only towns.
82%
POI Castle On the right side just before 40,000 meters.
82%
Building General Store Anywhere except final outpost.
82%
Building Gunsmith Anywhere except final outpost.
82%
Building House Anywhere except final outpost.
82%
Multi-Structure Town Once in-between every outpost.
82%
Building Church Only towns.
73%
POI Tesla Lab On the right between 9,000 and 30,000 meters.
73%
Building Trading Post Only outposts.
73%
Building Furniture Anywhere except outposts.
64%
POI Sterling On the left side between 40,000 and 60,000 meters.
64%
POI Fort Constitution On the right side between 20,000 and 30,000 meters.
55%
Safe Zone Outpost Spawns every 10,000 meters as a checkpoint.
45%
Unique Barn Spawns anywhere but far from the tracks.
36%
POI Stillwater Prison On the left between 9,000 and 30,000 meters.
36%
Unique Outlaw Camp Spawns anywhere but rarely.
18%
Final Outlaw Outpost Spawns at 80,000 meters and spawns outlaws.
9%
No matching quizzes found
Score Distribution
Percent of People with Each Score
Percentile by Number Answered
Your Score History
You have not taken this quiz